000 00552nam a2200217Ia 4500
003 OSt
005 20220928135547.0
006 a|||||r|||| 00| 0
007 ta
008 220927b |||||||| |||| 00| 0 eng d
024 _a3131
037 _cTextual
040 _aSDCL
_cSDCL
_beng
041 _2eng
_aeng
082 _aX:5194.3'N7, L8
100 _aWalsh D P
_9491529
245 0 _aShoplifting
_b Controlling a major crime
260 _c1978
942 _hX:5194.3'N7, L8
_cTEXL
_2CC
999 _c806925
_d806925